3e déclinaison neutre parisyllabique Latin. - Statistiques

Statistiques générales
  • Ce quiz a été pris 298 fois
  • Le résultat moyen est 11 sur 12
Statistiques - réponses
Cas Radical Terminaisons % Correct
Nominatif singulier mar... -e
99%
Vocatif singulier mar... -e
99%
Accusatif singulier mar... -e
99%
Datif singulier mar... -i
98%
Ablatif singulier mar... -i
97%
Génitif singulier mar... -is
96%
Datif pluriel mar... -ibus
89%
Ablatif pluriel mar... -ibus
89%
Génitif pluriel mar... -ium
86%
Nominatif pluriel mar... -ia
83%
Vocatif pluriel mar... -ia
83%
Accusatif pluriel mar... -ia
83%
Aucun quiz correspondant
Distribution des résultats
% des personnes avec chaque résultat
Percentile par nombre de réponses
Votre historique - résultats
Vous n’avez pas pris ce quiz